Normal view
MARC view
- Portny, Stanley E
Entry Corporate Name
001 - CONTROL NUMBER
- control field: 99915
003 - CONTROL NUMBER IDENTIFIER
- control field: NUST
005 - DATE AND TIME OF LATEST TRANSACTION
- control field: 20221011150801.0
008 - FIXED-LENGTH DATA ELEMENTS
- fixed length control field: 221011|| aca||aabn | a|a d
040 ## - CATALOGING SOURCE
- Original cataloging agency: NUST
- Transcribing agency: NUST
110 ## - HEADING--CORPORATE NAME
- Corporate name or jurisdiction name as entry element: Portny, Stanley E
670 ## - SOURCE DATA FOUND
- Source citation: Work cat.: (NUST): Portny, Jonathan L 99914, Project Management for Dummies, 2022.
